Heat Tranfer/ (Record no. 198372)

MARC details
000 -LEADER
fixed length control field 00702nam a22002057a 4500
005 - DATE AND TIME OF LATEST TRANSACTION
control field 20230919152418.0
010 ## - LCCN (DPL NO)
LC control number ENG-138169
020 ## - INTERNATIONAL STANDARD BOOK NUMBER
International Standard Book Number 9789382829362
Terms of availability 624.00
035 ## - SYSTEM CONTROL NUMBER
System control number EN-121701
037 ## - SOURCE OF ACQUISITION
Source of stock number/acquisition DBAD/PUB
082 ## - DEWEY DECIMAL CLASSIFICATION NUMBER
Classification number 621.402
Edition number First 2023
100 ## - MAIN ENTRY--PERSONAL NAME
Personal name Sudhakar, U
245 ## - TITLE STATEMENT
Title Heat Tranfer/
Statement of responsibility, etc By U Sudhakar and K Veera Raghavulu
250 ## - EDITION STATEMENT
Edition statement First 2023
260 ## - PUBLICATION, DISTRIBUTION, ETC. (IMPRINT)
Place of publication, distribution, etc Hyderabad
Name of publisher, distributor, etc Spectrum Publications
Date of publication, distribution, etc 2023
270 ## - ADDRESS
City Hyderabad
Address 326/C, Level -1 Near B K Guda Park, S R Nagar
Postal code 500038
Telephone number +914023710657
-- +91238000657
Fax number +914023810657
300 ## - PHYSICAL DESCRIPTION
Extent xiv,314p.
Dimensions 24cm(hbk)
Other physical details Index
700 ## - ADDED ENTRY--PERSONAL NAME
Personal name Raghavulu, K Veera
Relator term Author
9 (RLIN) 56915
942 ## - ADDED ENTRY ELEMENTS (KOHA)
Source of classification or shelving scheme Dewey Decimal Classification
Item type English Books
Classification part 621.402
Call number suffix SUD
Holdings
Withdrawn status Lost status Not for loan Collection code Home library Current library Date acquired Source of acquisition Cost, normal purchase price Full call number Barcode Copy number Cost, replacement price Koha item type
      Non-fiction D.B.Act.Division Mobile Library 19/09/2023 DBAD/PUB 640.00 621.402 SUD EN-121701 1 640.00 English Books

© Delhi Public Library
Hit Counter
free hit counter